Z jakiego kraju? #11 - Statystyki

Ogólne statystyki
  • Ten quiz został rozwiązany 516 razy
  • Średni wynik to 10 z 14
Statystyki odpowiedzi
Znana osoba Kraj % Poprawnych
Maria Skłodowska-Curie Polska
99%
Luciano Pavarotti Wlochy
95%
Lionel Messi Argentyna
94%
Andre Agassi Stany Zjednoczone
90%
Joanna d’Arc Francja
89%
Piotr Czajkowski Rosja
83%
Amy Winehouse Wielka Brytania
78%
Drake Kanada
76%
Mustafa Kemal Atatürk Turcja
70%
Jean-Claude van Damme Belgia
62%
Ayrton Senna Brazylia
57%
Sia Australia
43%
Salman Rushdie Indie
33%
Rainier III Grimaldi Monako
21%
Nie znaleziono quizów pasujących do podanych kryteriów
Rozkład punktacji
Procent ludzi z każdym wynikiem
Percentyl według liczby udzielonych odpowiedzi
Twoja historia wyników
Nie rozwiązałeś tego quizu